Inovačné metódy na hodine pracovného vyučovania v 3. ročníku ZŠ

Bibliographic Details
Main Author: Lencsésová, Anna (Author)
Format: Article
Language:Slovak
PhysicalDescription:Obr.
Subjects:

MARC

LEADER 00000nab a2200000 a 4500
001 vtls009463076
003 SK-MaSNL
005 20260304153407.0
008 250506c20062007xo mr|p|||a |000 b|slo
015 |a SNBRB2009/01 
035 |a (uuid)b7de77fe-10c4-4ed5-a233-5c7f69a9c8c4 
035 |a urn:nbn:sk:snk-ab2gzm 
035 |a (urnnbn)urn:nbn:sk:snk:ar-a02etj 
038 |a SPK 
040 |a SNKBUCL  |b slo  |c SNKBUCL  |e AACR2 
041 0 |a slo  |b slo 
044 |a xo  |c SK 
072 7 |a 37  |x Výchova a vzdelávanie  |2 konspekt 
072 7 |a 373.2/.3  |x Predškolská a primárna výchova a vzdelávanie  |2 konspekt 
072 7 |a 00  |x Veda. Všeobecnosti. Základy vedy a kultúry. Vedecká práca  |2 konspekt 
080 |a 372.862  |2 1997 
080 |a 373.32  |2 1997 
080 |a 001.895  |2 1997 
100 1 |a Lencsésová, Anna  |4 aut  |9 1476720 
245 1 0 |a Inovačné metódy na hodine pracovného vyučovania v 3. ročníku ZŠ  |c Anna Lencsésová 
300 |b Obr. 
546 |a Res. slov. 
650 0 7 |a pracovné vyučovanie  |2 spk  |9 68041 
650 0 7 |a základné školy  |2 snkbucl  |9 1280 
650 0 7 |a ročník 3.  |2 snkbucl  |9 878596 
650 0 7 |a inovácie  |2 snkbucl  |9 2291 
773 0 |t Naša škola  |g Roč. 10., č. 4(2008/2009), s. 46-48 
850 |a Slovenská národná knižnica 
852 |a Slovenská národná knižnica 
954 |a odborná, vedecká literatúra pôvodná (slovenská)  |2 lita 
958 |a article27 
958 |a OND 
958 |a EUIPO 
999 |c 2953519  |d 2955449